Plantel Sporting Club Portugal 2024-2025 - Statistics

Estatísticas Gerais
  • Esse quiz foi jogado 79 vezes
  • A pontuação média é 23 de 39
Estatísticas das Respostas
N. Plantel % Correto
9 Viktor Gyökeres
97%
24 Rui Silva
94%
8 Pedro Gonçalves
92%
17 Francisco Trincão
89%
1 Franco Israel
88%
72 Eduardo Quaresma
86%
5 Hidemasa Morita
83%
57 Geovany Quenda
80%
26 Ousmane Diomande
80%
25 Gonçalo Inácio
78%
42 Morten Hjulmand
77%
TR Rui Borges
77%
6 Zeno Debast
77%
19 Conrad Harder
75%
23 Daniel Bragança
75%
2 Matheus Reis
75%
47 Ricardo Esgaio
75%
21 Geny Catamo
72%
22 Iván Fresneda
72%
11 Nuno Santos
71%
3 Jeremiah St Juste
68%
TR Rúben Amorim
68%
20 Maximiliano Araújo
63%
52 João Simões
60%
TR João Pereira
57%
10 Marcus Edwards
54%
73 Eduardo Felicíssimo
51%
41 Diego Callai
43%
90 Afonso Moreira
38%
51 Diogo Pinto
38%
55 José Silva
37%
13 Vladan Kovačević
32%
50 Alexandre Brito
31%
81 Henrique Arreiol
29%
78 Mauro Couto
28%
67 Lucas Anjos
14%
59 Kauã Oliveira
12%
54 Bruno Ramos
6%
30 Biel
0%
Nenhum quiz correspondente encontrado
Distribuição das Pontuações
Porcentagem de Pessoas com Cada Pontuação
Percentil de Números Respondidos
Sua Pontuação Histórica
Você não jogou esse quiz